The Monster Mash. - Statistics

General Stats
  • This quiz has been taken 85 times
  • The average score is 29 of 44
Answer Stats
The Monster Mash % Correct
He did the {Monster} {Mash}
97%
He did the {Monster} {Mash}
97%
It's now the {Monster} {Mash}
97%
It's now the {Monster} {Mash}
97%
Then you can {Monster} {Mash}
97%
Then you can {Monster} {Mash}
97%
They did the {Monster} {Mash}
97%
They did the {Monster} {Mash}
97%
They played the {Monster} {Mash}
97%
They played the {Monster} {Mash}
97%
And in my {graveyard} {smash}
91%
And it's a {graveyard} smash
91%
It was a {graveyard} smash.
91%
It was a {graveyard} smash.
91%
It was a {graveyard} smash.
91%
It caught on {in} {a} {flash}
82%
It caught on {in} {a} {flash}
82%
It caught on {in} {a} {flash}
82%
It caught on {in} {a} {flash}
82%
You'll catch on {in} {a} {flash}
82%
I was working in the lab {late} {one} {night}
80%
{Dracula} and his son
77%
And suddenly {to} {my} {surprise}
74%
When my {eyes} {beheld} an eerie sight
68%
The party had {just} {begun}
66%
The guests included {Wolfman}
58%
"Whatever happened to my {Transylvania} {Twist}?"
55%
To get a jolt from {my} {electrodes}
51%
Now everything's cool, Drac's a part {of} {the} {band}
49%
Seems he was troubled by {just} {one} {thing}
46%
From my {laboratory} in the castle east
43%
With their vocal group, 'The {Crypt}-{Kicker} {Five}'
38%
And {my} {Monster} {Mash} is the hit of the land
37%
The {zombies} were having fun
37%
To the {master} {bedroom} where the vampires feast
34%
When you get to my door, tell them {Boris} {sent} {you}
34%
Igor on chains, backed by his {baying} {hounds}
32%
Opened the door and {shook} {his} {fist} and said
31%
The {ghouls} {all} {came} from their humble abodes
31%
For my monster {from} {his} {slab} began to rise
29%
For you, {the} {living} this mash was meant too,
29%
Out {from} {his} {coffin}, Drac's voice did ring
28%
The {coffin}-{bangers} were about to arrive
22%
The scene was rockin', {all} {were} {digging} the sounds
22%
No matching quizzes found
Score Distribution
Percent of People with Each Score
Percentile by Number Answered
Your Score History
You have not taken this quiz